Pennsylvania School Districts - Statistics

General Stats
  • This quiz has been taken 31 times
  • The average score is 86 of 500
Answer Stats
Districts % Correct
Philadelphia
77%
Pittsburgh
69%
William Penn
69%
Scranton
62%
Washington
62%
Allentown
54%
Bethlehem
54%
Chester-Upland
54%
Derry
54%
Derry Township
54%
Wilkes-Barre
54%
Abington
46%
Altoona
46%
Lancaster
46%
Mt. Lebanon
46%
Union
46%
Union City
46%
Aliquippa
38%
Beaver
38%
Big Beaver Falls
38%
Central Dauphin
38%
Columbia Boro
38%
Cumberland Valley
38%
Elizabeth Forward
38%
Forest
38%
Hanover
38%
Hanover Public
38%
Mifflin
38%
North Allegheny
38%
Reading
38%
South Allegheny
38%
State College
38%
Bald Eagle
31%
Belle Vernon
31%
Bethel Park
31%
California
31%
Canon-McMillan
31%
Carlisle
31%
Central Columbia
31%
Central Greene
31%
Chambersburg
31%
Clairton
31%
Clearfield
31%
Danville
31%
Deer Lakes
31%
Dubois
31%
East Allegheny
31%
Easton
31%
Farrell
31%
Greater Johnstown
31%
Harrisburg City
31%
Hempfield
31%
Huntingdon
31%
Jeanette
31%
Jenkintown
31%
Juniata County
31%
Keystone
31%
Lebanon
31%
Lewisburg
31%
Line Mountain
31%
Mechanicsburg
31%
Middletown
31%
Milton
31%
Montour
31%
Mount Carmel
31%
New Castle
31%
North Hills
31%
North Penn
31%
Peters Township
31%
Riverside
31%
Shamokin
31%
Slippery Rock
31%
Southern Columbia
31%
Springfield Township
31%
Spring-Ford
31%
Steelton-Highspire
31%
Susquehanna Township
31%
Trinity
31%
Upper Moreland Township
31%
West Allegheny
31%
West Chester
31%
Abington Heights
23%
Albert Gallatin
23%
Allegheny Valley
23%
Armstrong
23%
Berlin Brothersvalley
23%
Berwick
23%
Blackhawk
23%
Bloomsburg
23%
Bradford
23%
Bristol Boro
23%
Bristol Township
23%
Brookville
23%
Butler Area
23%
Canton
23%
Carmichaels
23%
Central Bucks
23%
Central Fulton
23%
Chartiers-Houston
23%
Chartiers Valley
23%
Connellsville
23%
Cornell
23%
Dallas
23%
Dallastown
23%
Eastern York
23%
East Stroudsburg
23%
Ellwood City
23%
Fanett-Metal
23%
Forbes Road
23%
Forest Hills
23%
Fort Cherry
23%
Franklin
23%
Franklin Regional
23%
Gettysburg
23%
Greencastle-Antrim
23%
Halifax
23%
Haverford Township
23%
Hollidaysburg
23%
Hopewell
23%
Indiana
23%
Jefferson-Morgan
23%
Jersey Shore
23%
Juniata Valley
23%
Keystone Oaks
23%
Lower Dauphin
23%
Lower Moreland Township
23%
Mahanoy
23%
Mars Area
23%
Midd-West
23%
Mifflinburg
23%
Monessen
23%
Moniteau
23%
Montrose
23%
Moon
23%
Northwest
23%
Norwin
23%
Octorara
23%
Oxford
23%
Panther Valley
23%
Penn Hills
23%
Penns Valley
23%
Penn-Trafford
23%
Pine-Richland
23%
Plum Borough
23%
Pottsville
23%
Quaker Valley
23%
Radnor Township
23%
Red Lion
23%
Ringgold
23%
Sharon
23%
Shippensburg
23%
Somerset
23%
Southeastern Greene
23%
Southern Fulton
23%
South Fayette
23%
South Williamsport
23%
Sto-Rox
23%
Stroudsburg
23%
Tamaqua
23%
Tunkhannock
23%
Turkeyfoot Valley
23%
Tyrone
23%
Uniontown
23%
Upper Darby
23%
Upper Dublin
23%
Upper St. Clair
23%
Warrior Run
23%
Western Beaver
23%
Western Wayne
23%
West Greene
23%
West Jefferson Hills
23%
York City
23%
Ambridge
15%
Athens
15%
Avon Grove
15%
Avonworth
15%
Baldwin-Whitehall
15%
Bedford
15%
Bellefonte
15%
Benton
15%
Blacklick Valley
15%
Blairsville-Saltsburg
15%
Blue Mountain
15%
Blue Ridge
15%
Brentwood Borough
15%
Brownsville
15%
Burrell
15%
Cambria Heights
15%
Cameron County
15%
Camp Hill
15%
Carbondale
15%
Carlynton
15%
Central Cambria
15%
Central Valley
15%
Central York
15%
Charleroi
15%
Cheltenham Township
15%
Chestnut Ridge
15%
Chichester
15%
Claysburg-Kimmel
15%
Coatesville
15%
Colonial
15%
Conemaugh Township
15%
Conemaugh Valley
15%
Conrad Weiser
15%
Corry
15%
Council Rock
15%
Crestwood
15%
Curwensville
15%
Delaware Valley
15%
Dover
15%
Dunmore
15%
Elizabethtown
15%
Elk Lake
15%
Ephrata
15%
Erie City
15%
Everett
15%
Fairfield
15%
Fairview
15%
Ferndale
15%
Forest City Regional
15%
Fox Chapel
15%
Frazier
15%
Freeport
15%
Garnet Valley
15%
Gateway
15%
General McLane
15%
Girard
15%
Glendale
15%
Greater Latrobe
15%
Greensburg Salem
15%
Harmony
15%
Hatboro-Horsham
15%
Hazlton
15%
Highlands
15%
Homer-Center
15%
Interboro
15%
Iroquois
15%
Jamestown
15%
Johnsonburg
15%
Karns City
15%
Kennett Consolidated
15%
Keystone Central
15%
Lackawanna Trail
15%
Lakeland
15%
Lampeter-Strasburg
15%
Laurel
15%
Laurel Highlands
15%
Ligonier Valley
15%
Littlestown
15%
Lower Merion
15%
Loyalsock Township
15%
Marion Center
15%
Marple Newtown
15%
McGuffey
15%
McKeesport
15%
Meyersdale
15%
Mid Valley
15%
Millersburg
15%
Millville
15%
Mohawk
15%
Montgomery
15%
Montoursville
15%
Moshannon Valley
15%
Mount Union
15%
Muncy
15%
Nazareth
15%
Neshaminy
15%
New Hope-Solebury
15%
New Kensington-Arnold
15%
Newport
15%
Norristown
15%
North East
15%
Northern Bedford
15%
Northern Cambria
15%
Northern York County
15%
North Pocono
15%
North Schuylkill
15%
North Star
15%
Northwestern
15%
Oil City
15%
Old Forge
15%
Oswayo Valley
15%
Otto-Eldred
15%
Owen J Roberts
15%
Palmyra
15%
Penn Cambria
15%
Pennridge
15%
Penns Manor
15%
Perkiomen Valley
15%
Philipsburg-Osceola
15%
Pittston
15%
Pocono Mountain
15%
Portage
15%
Pottstown
15%
Punxsutawney
15%
Purchase Line
15%
Quakertown Community
15%
Richland
15%
Ridgeway
15%
Ridley
15%
Riverview
15%
Rochester
15%
Rockwood
15%
Saint Marys
15%
Salisbury-Elk Lick
15%
Sayre
15%
Schuylkill Haven
15%
Selinsgrove
15%
Shade-Central
15%
Shanksville-Stonycreek
15%
Shenandoah Valley
15%
Shikellamy
15%
Solanco
15%
Souderton
15%
Southeast Delco
15%
Southern Huntingdon County
15%
Southern York County
15%
South Side
15%
Spring Cove
15%
Sullivan County
15%
Towanda
15%
Tri-Valley
15%
Troy
15%
Tussey Mountain
15%
Unionville-Chadds Ford
15%
United
15%
Upper Dauphin
15%
Upper Merion
15%
Valley View
15%
Warren County
15%
Wattsburg
15%
Waynesboro
15%
Wellsboro
15%
West Branch
15%
Westmont Hilltop
15%
West Shore
15%
Williamsburg Community
15%
Williams Valley
15%
Wilmington
15%
Windber
15%
Wyalusing
15%
Wyoming
15%
Wyomissing
15%
Allegheny-Clarion County
8%
Apollo-Ridge
8%
Austin
8%
Avella
8%
Bellwood-Antis
8%
Bensalem Township
8%
Bentworth
8%
Bermudian Springs
8%
Bethlehem-Center
8%
Brockway
8%
Burgettstown
8%
Catasauqua
8%
Centennial
8%
Clarion
8%
Clarion-Limestone
8%
Cocalico
8%
Conestoga Valley
8%
Conewago Valley
8%
Coudersport
8%
Cranberry
8%
Crawford Central
8%
Donegal
8%
Downington
8%
Duquesne
8%
Eastern Lancaster County
8%
East Lycoming
8%
Fort Leboeuf
8%
Freedom
8%
Galeton
8%
Great Valley
8%
Grove City
8%
Hamburg
8%
Hampton Township
8%
Hermitage
8%
Jim Thorpe
8%
Kane
8%
Kiski
8%
Lake-Lehman
8%
Manheim Central
8%
Manheim Township
8%
Mercer
8%
Methacton
8%
Midland Boro
8%
Millcreek Township
8%
Minersville
8%
Morrisville Boro
8%
Mountain View
8%
Neshannock
8%
North Clarion
8%
Northeast Bradford
8%
Northeastern York
8%
Northern Lehigh
8%
Northgate
8%
Northwestern Lehigh
8%
Oley Valley
8%
Penncrest
8%
Penn-Delco
8%
Penn Manor
8%
Pennsbury
8%
Pequea Valley
8%
Phoenixville
8%
Port Allegany
8%
Pottsgrove
8%
Redbank Valley
8%
Saint Clair
8%
Seneca Valley
8%
Shaler
8%
Sharpsville
8%
Shenango
8%
Smethport
8%
South Butler County
8%
South Eastern
8%
Southmoreland
8%
South Park
8%
South Western
8%
Steel Valley
8%
Tuscarora
8%
Twin Valley
8%
Upper Adams
8%
Upper Perkiomen
8%
Wallenpaupack
8%
Wallingford-Swarthmore
8%
Warwick
8%
Wayne Highlands
8%
Weatherly
8%
West Middlesex
8%
West Mifflin
8%
West Perry
8%
West York
8%
Wilson
8%
Woodland Hills
8%
Wyoming Valley West
8%
Yough
8%
Annville-Cleona
0%
Antietam
0%
Athyn
0%
Bangor
0%
Big Spring
0%
Boyertown
0%
Brandywine Heights
0%
Commodore Perry
0%
Conneaut
0%
Cornwall-Lebanon
0%
Daniel Boone
0%
Eastern Lebanon County
0%
East Penn
0%
East Pennsboro
0%
Exeter Township
0%
Fleetwood
0%
Governor Mifflin
0%
Greater Nantioke
0%
Greenville
0%
Greenwood
0%
Harbor Creek
0%
Hempfield Area
0%
Kutztown
0%
Lakeview
0%
Leechburg
0%
Lehighton
0%
Mount Pleasant
0%
Muhlenberg
0%
New Brighton
0%
Northampton
0%
Northern Lebanon
0%
Northern Potter
0%
Northern Tioga
0%
Palisades
0%
Palmerton
0%
Parkland
0%
Pen Argyl
0%
Pine Grove
0%
Pleasant Valley
0%
Reynolds
0%
Riverside Beaver
0%
Salisbury Township
0%
Saucon Valley
0%
Schuylkill Valley
0%
Southern Lehigh
0%
Southern Tioga
0%
South Middleton
0%
Spring Grove Area
0%
Susquehanna Community
0%
Susquenita
0%
Titusville
0%
Tredyffrin-Easttown
0%
Tulpehocken
0%
Valley Grove
0%
Whitehall-Coplay
0%
Wilkinsburg Boro
0%
York Suburban
0%
No matching quizzes found
Score Distribution
Percent of People with Each Score
Percentile by Number Answered
Your Score History
You have not taken this quiz